000 00323nam a22001457a 4500
008 210310b ||||| |||| 00| 0 eng d
020 _a9780534621094
041 _aeng
080 _25th
_a37
082 _a37
100 _a25
101 _aEDU
245 _aResearch Methods for Social Work
_cRubin, A
942 _2udc
_cBK
999 _c56146
_d56146